| 000 | 00622cam a22001814a 4500 | ||
|---|---|---|---|
| 005 | 20250605164401.0 | ||
| 008 | 250528s ||||||||||||||||||||||||d | ||
| 035 | _a24609 | ||
| 040 |
_aGR-AtMCL _bgre _dGR-AtMCL _eAACR2 |
||
| 245 | 1 | _aHow Radar Sensors Significantly Improve the Energy Efficiency of the Smart Home | |
| 260 |
_bEe Times Europe, _c2022 |
||
| 300 | _a63 | ||
| 520 | _aHealth-Tech-Startup Challenges, Nuclear Fusion: Promising Energy Source, Europe to Lead Quantum Revolution, EE Times 50th Anniversary. | ||
| 700 | 1 |
_aPele Anne Francoise _99414 |
|
| 942 | _cCR | ||
| 999 |
_c9478 _d9478 |
||